Geographie nach Buchstaben - P - Statistiken

Allgemein
  • Dieses Quiz wurde 350 mal gespielt
  • Das Durchschnittsergebnis liegt bei 15 aus 24
Antwortstatistiken
Hinweis Antwort % Korrekt
Währung des Vereinigten Königreichs Pfund
93%
Größte Stadt in Île-de-France Paris
92%
Hauptstadt von China Peking
92%
Hauptsprache von Brasilien Portugiesisch
90%
Währung von Mexiko Peso
89%
Stadt mit schiefem Turm Pisa
89%
Seine Flagge ist halb weiß und halb rot Polen
87%
Name des Iran vor 1935 Persien
81%
Kanal, der den Atlantik mit dem Pazifik verbindet Panamakanal
79%
Hauptstadt von Westaustralien Perth
79%
Bergkette, die Frankreich und Spanien trennt Pyrenäen
70%
Größte Stadt in Böhmen Prag
67%
Standort des historischen Gebäudes Sanssouci Potsdam
64%
Vom Vesuv zerstörte römische Stadt Pompeji
62%
Stadt zwischen New York und Washington Philadelphia
59%
Stadt von Stierlauf Pamplona
54%
Region Südargentinien und Chile Patagonien
54%
Der Name dieser Insel bedeutet „Reicher Hafen“ Puerto Rico
44%
Dieses Land im Nahen Osten erklärte 1988 seine Unabhängigkeit Palästina
43%
Berühmter Tempel auf der Athener Akropolis Parthenon
36%
Großes dreieckiges Gebiet mit Hawaii und Tonga Polynesien
27%
Region Ostpakistan und Nordindien Punjab
21%
Zweitlängster Fluss in Südamerika Paraná
14%
Dieser philippinische Vulkan hat 1991 einen gewaltigen Ausbruch Pinatubo
13%
Keine übereinstimmenden Quizze gefunden
Verteilung der Resultate
Anzahl Personen mit jedem Resultat
Perzentil nach korrekt beantworteten Fragen
Ihre Resultats-Entwicklung
Sie haben dieses Quiz noch nicht gespielt